000 00340nam a2200133Ia 4500
008 240624s9999 xx 000 0 und d
041 _aeng
082 _a658.472 EMC
100 _aEMC
245 _aDATA SCIENCE AND BIG DATA ANALYTICS DISC
260 _c2015
_aNew Delhi
_bWiley
300 _axviii, : 410 : p. : cm. ; 26
365 _cRS
_b33
999 _c25581
_d25581